Mezclas de concreto de toba volcánica
Gespeichert in:
| 1. Verfasser: | |
|---|---|
| Format: | Unbekannt |
| Veröffentlicht: |
[San José, Costa Rica]
1981
|
| Schlagworte: | |
| Tags: |
Tag hinzufügen
Keine Tags, Fügen Sie den ersten Tag hinzu!
|
MARC
| LEADER | 00000 a2200000 4500 | ||
|---|---|---|---|
| 003 | 001352 | ||
| 005 | 20221231143742.0 | ||
| 008 | 140114s1981 c a m 000 ||s d | ||
| 040 | |c cru CEDI | ||
| 090 | |a TFG 1019 | ||
| 100 | |a Calderón Mata, Luis Rodolfo |9 15861 | ||
| 245 | |a Mezclas de concreto de toba volcánica | ||
| 260 | |c 1981 |a [San José, Costa Rica] | ||
| 300 | |a 62 hojas; ilustraciones ; 28 cm | ||
| 500 | |a Proyecto de graduación (ingeniero civil)-- Universidad de Costa Rica. | ||
| 650 | |x HORMIGON - MEZCLAS |x TOBA - CEMENTO |9 15862 | ||
| 942 | |c TFG | ||
| 999 | |c 11281 |d 11281 | ||
